000 006430000a22001930004500
999 _c60140
_d60140
001 768714001
003 CO-MdFUSB
005 20170726151214.0
008 170726s1997 ag ||||| |||| 00| 0 spa d
022 _a0122-2996
040 _aCO-MdFUSB
_bspa
_cCO-MdFUSB
_dCO-MdFUSB
041 _aspa
100 1 _aStam, Juan
_eautor
245 1 0 _aEvangelio, cultura y pluralismo religioso (confesión de convicciones personales)
300 _aVolumen 29. Número 67 (1997), Páginas 7-27
_c22 cm.
546 _aTexto en español
773 0 _tBoletín Teológico
_049507
_961439
_gVolumen 29. Número 67 (1997), Páginas 7-27
_qPágina 7
942 _cANA